Theorie der Funktionen mehrerer komplexer Veränderlichen /
Guardado en:
| Autor Principal: | |
|---|---|
| Otros Autores: | |
| Formato: | Libro |
| Idioma: | German |
| Publicado: |
New York :
Chelsea,
[195-?], c1934.
|
| Series: | Ergebnisse der Mathematik und ihrer Grenzgebiete ;
3 |
| Etiquetas: |
Agregar Etiqueta
Sin Etiquetas, Sea el primero en etiquetar este registro!
|
| LEADER | 00773nam a22002055a 4500 | ||
|---|---|---|---|
| 001 | MAT.inmabb000648 | ||
| 008 | 031118r19uu1934nyu######b####001#0#ger#d | ||
| 005 | 20160809160537.0 | ||
| 245 | 1 | 0 | |a Theorie der Funktionen mehrerer komplexer Veränderlichen / |c von H. Behnke und P. Thullen. |
| 260 | |a New York : |b Chelsea, |c [195-?], c1934. | ||
| 300 | |a 115 p. ; |c 23 cm. | ||
| 440 | 0 | |a Ergebnisse der Mathematik und ihrer Grenzgebiete ; |v 3 | |
| 500 | |a Reimpresión de la edición original: Berlin : J. Springer, 1934. | ||
| 504 | |a Incluye referencias bibliográficas (p. 109-113) e índice. | ||
| 510 | 4 | |a MR, |c 42 #6274 | |
| 100 | 1 | |a Behnke, Heinrich, |d 1898-1979. | |
| 700 | 1 | |a Thullen, Peter. | |
| 084 | |a 32 |2 msc2000 | ||
| 010 | |a 51006929 | ||
| 859 | |h 32 |i B419 |p A-456 |b BIB. MATEMATICA | ||
